000
00298cam a22001097a 4500
008
180718b-- xxu||||| |||| 00| 0 eng d
082
_a
XA41303x5442 A
100
_a
Maharashtra. Legislature
245
_a
Maharashtra act no. XV of 1971
260
_a
Bombay
_b
The author
_c
--
500
_a
Library has 1971
999
_c
476387
_d
476387